Schaum's outline of theory and problems of descriptive geometry /

Guardado en:
Autor Principal: Hawk, Minor C.
Formato: Libro
Idioma:English
Publicado: New York : McGraw-Hill, c1962.
Series:Schaum's outline series
Materias:
Etiquetas: Agregar Etiqueta
Sin Etiquetas, Sea el primero en etiquetar este registro!
LEADER 01000nam a22002775a 4500
001 EIQ.libpla004157
008 080724s1962####nyua##########001#0#eng#d
005 20150619141142.0
245 1 0 |a Schaum's outline of theory and problems of descriptive geometry /  |c Minor C. Hawk. 
260 |a New York :  |b McGraw-Hill,  |c c1962. 
300 |a 212 p. :  |b il. ;  |c 28 cm. 
490 1 |a Schaum's outline series 
500 |a Incluye índice. 
500 |a Incluye 175 problemas resueltos. 
020 |a 0070272905 
100 1 |a Hawk, Minor C. 
830 0 |a Schaum's outline series 
246 3 0 |a Descriptive geometry 
246 3 0 |a Theory and problems of descriptive geometry 
650 4 |a Geometria descriptiva  |x Problemas, ejercicios, etc. 
650 4 |a Matemática  |x Geometría descriptiva. 
650 4 |a Descriptive geometry  |x Problems, exercises, etc. 
650 4 |a Mathematics  |x Descriptive geometry. 
010 |a  89002576  
040 |a DLC  |c DLC  |d AR-BbSID 
859 |a AR-BbSID  |b BIB. PLAPIQUI  |h 515.1  |i H 312  |p 1751